<?xml version="1.0" encoding="UTF-8"?>
<marc:record xmlns:marc="http://www.loc.gov/MARC21/slim">
   <marc:leader>00000nam a2200000 a 4500</marc:leader>
   <marc:datafield ind1="1" ind2=" " tag="100">
      <marc:subfield code="a">Magee, David</marc:subfield>
      <marc:subfield code="4">aut</marc:subfield>
      <marc:subfield code="e">Verfasser/-in</marc:subfield>
   </marc:datafield>
   <marc:datafield ind1="1" ind2=" " tag="100">
      <marc:subfield code="a">Bailey, Halle</marc:subfield>
   </marc:datafield>
   <marc:datafield ind1="1" ind2=" " tag="100">
      <marc:subfield code="a">Marshall, Rob</marc:subfield>
   </marc:datafield>
   <marc:datafield ind1="0" ind2="0" tag="245">
      <marc:subfield code="a">Arielle</marc:subfield>
   </marc:datafield>
   <marc:datafield ind1="0" ind2="0" tag="245">
      <marc:subfield code="c">David Magee</marc:subfield>
   </marc:datafield>
   <marc:datafield ind1=" " ind2="1" tag="264">
      <marc:subfield code="b">Disney</marc:subfield>
      <marc:subfield code="c">2023</marc:subfield>
   </marc:datafield>
   <marc:datafield ind1="1" ind2=" " tag="520">
      <marc:subfield code="a">Arielle, die jüngste Tochter von König Triton will mehr über die Welt jenseits des Meeres erfahren und verliebt sich bei einem Besuch an der Oberfläche in den attraktiven Prinz Erik. Obwohl Meerjungfrauen der Umgang mit Menschen verboten ist, kann Arielle nicht anders als ihrem Herzen zu folgen und geht einen Pakt mit der hinterlistigen Meerhexe Ursula ein. Dieser gibt ihr zwar die Chance, endlich die Welt an Land zu erkunden, bringt aber letztlich ihr Leben und die Krone ihres Vaters in Gefahr.</marc:subfield>
   </marc:datafield>
   <marc:datafield ind1=" " ind2=" " tag="020">
      <marc:subfield code="a">8717418616472</marc:subfield>
      <marc:subfield code="9">8717418616472</marc:subfield>
   </marc:datafield>
   <marc:datafield ind1=" " ind2=" " tag="500">
      <marc:subfield code="a">Sprachen: Deutsch, Englisch, Französisch, Niederländisch</marc:subfield>
   </marc:datafield>
   <marc:datafield ind1="0" ind2=" " tag="490">
      <marc:subfield code="v">0</marc:subfield>
   </marc:datafield>
   <marc:datafield ind1=" " ind2=" " tag="300">
      <marc:subfield code="a">130 min</marc:subfield>
   </marc:datafield>
</marc:record>
